Made in America regaining the productive edge

Salvato in:
Dettagli Bibliografici
Autore principale: Dertouzos, Michael L.
Altri autori: Lester, Richard K., Solow, Robert M.
Natura: Libro
Lingua:inglese
Pubblicazione: Cambridge The MIT Press 1989
Edizione:1. ed.
Serie:<The> MIT Commission on Industrial Productivity
Soggetti:
Tags: Aggiungi Tag
Nessun Tag, puoi essere il primo ad aggiungerne!!

MARC

LEADER 00000nam a2200000 4500
001 c021302
005 20221206131432.1
020 |a 0-262-04100-6 
041 0 |a eng 
044 |a US 
245 1 0 |a Made in America  |b regaining the productive edge  |c Michael L. Dertouzos, Richard K. Lester, Robert M. Solow 
250 |a 1. ed. 
264 1 |a Cambridge  |b The MIT Press  |c 1989 
300 |a 344 s. 
490 1 |a <The> MIT Commission on Industrial Productivity 
830 0 |a <The> MIT Commission on Industrial Productivity 
610 2 0 |a výroba 
610 2 0 |a výroba priemyselná 
610 2 0 |a inovácia 
610 2 0 |a technológia 
610 2 0 |a technológie nové 
610 2 0 |a výskum 
610 2 0 |a konkurencia medzinárodná 
610 2 0 |a USA 
100 1 |a Dertouzos, Michael L. 
700 1 |a Lester, Richard K. 
700 1 |a Solow, Robert M.